000 00567cam a2200169 4500500
005 20260329001850.0
041 _afre
042 _adc
100 1 0 _aChapuis, Émilie
_eauthor
245 0 0 _aJean-Louis Margolin : « Une valeur militarisée par les régimes autoritaires  »
260 _c2009.
500 _a76
690 _aAutorité
690 _aÉgalité
786 0 _nPhilosophie magazine | 33 | 10 | 2009-10-01 | p. 7-7 | 1951-1787
856 4 1 _uhttps://shs.cairn.info/magazine-philosophie-magazine-2009-10-page-7?lang=fr&redirect-ssocas=7080
999 _c1809419
_d1809419